[Event "CRO-chT U16 29th"]
[Site "Sesvete"]
[Date "2020.06.27"]
[Round "4.3"]
[White "Kinkela, Marin"]
[Black "Horcicka, Jan"]
[Result "0-1"]
[WhiteElo "1383"]
[BlackElo "1504"]
[PlyCount "88"]
[EventDate "2020.06.20"]
[EventType "team-tourn"]
[EventRounds "9"]
[EventCountry "CRO"]
[SourceTitle "EXT 2021"]
[Source "ChessBase"]
[SourceDate "2020.10.23"]
[SourceVersion "1"]
[SourceVersionDate "2020.10.23"]
[SourceQuality "1"]
[WhiteTeam "Novi Zagreb"]
[BlackTeam "Koprivnica"]
[WhiteTeamCountry "CRO"]
[BlackTeamCountry "CRO"]

1. e4 e5 2. Nf3 Nc6 3. d4 exd4 4. Nxd4 Bc5 5. Be3 Qf6 6. c3 Nge7 7. Bc4 d6 8. 0-0 Ne5 9. Bb3 0-0 10. Nd2 Bg4 11. f3 Be6 12. Bf2 Nd3 13. Bxe6 fxe6 14. N2b3 Nxf2 15. Rxf2 Bb6 16. Kh1 e5 17. Re2 exd4 18. Nxd4 Bxd4 19. cxd4 Nc6 20. Qb3+ Qf7 21. Qc3 Kh8 22. Rc2 d5 23. Re1 dxe4 24. Rxe4 Qxa2 25. b3 Qa6 26. Rce2 Rad8 27. Re1 Qa5 28. b4 Qxb4 29. Qxb4 Nxb4 30. Rb1 a5 31. Kg1 h6 32. Kf2 Rfe8 33. Ke3 Kh7 34. Rc1 c6 35. Rc5 b6 36. Rce5 Nc2+ 37. Kd3 Rxe5 38. Rxe5 Nxd4 39. Kc3 Nb5+ 40. Kb3 Rd2 41. Kc4 Rxg2 42. Re6 Rc2+ 43. Kd3 Rc3+ 44. Ke4 a4 0-1

[Event "CRO-ch U15"]
[Site "Trogir"]
[Date "2019.06.17"]
[Round "1"]
[White "Perusko, Niko"]
[Black "Kinkela, Marin"]
[Result "1-0"]
[WhiteElo "1904"]
[BlackElo "1386"]
[PlyCount "59"]
[EventDate "2019.06.17"]
[EventType "swiss"]
[EventRounds "9"]
[EventCountry "CRO"]
[SourceTitle "EXT 2020"]
[Source "ChessBase"]
[SourceDate "2019.10.17"]
[SourceVersion "1"]
[SourceVersionDate "2019.10.17"]
[SourceQuality "1"]

1. Nf3 c5 2. g3 Nc6 3. Bg2 Nf6 4. 0-0 g6 5. c4 Bg7 6. Nc3 d6 7. b3 0-0 8. Bb2 Be6 9. d4 Bd7 10. d5 Na5 11. Qd2 a6 12. e4 b5 13. cxb5 Bxb5 14. Rfe1 c4 15. b4 Nb7 16. e5 dxe5 17. Nxe5 e6 18. a4 Bd7 19. dxe6 Bxe6 20. Qxd8 Raxd8 21. Bxb7 Rb8 22. Bxa6 Rxb4 23. Ba3 Rb3 24. Bxf8 Bxf8 25. Ne4 Nxe4 26. Rxe4 Bg7 27. Rc1 Bd5 28. Bxc4 Bxe4 29. Bxb3 Bxe5 30. Re1 1-0

[Event "CRO-ch U13"]
[Site "Trogir"]
[Date "2018.06.19"]
[Round "6"]
[White "Damjanovic, Stjepan"]
[Black "Kinkela, Marin"]
[Result "0-1"]
[WhiteElo "1800"]
[BlackElo "1360"]
[PlyCount "118"]
[EventDate "2018.06.16"]
[EventType "swiss"]
[EventRounds "9"]
[EventCountry "CRO"]
[SourceTitle "EXT 2019"]
[Source "ChessBase"]
[SourceDate "2018.10.10"]
[SourceVersion "1"]
[SourceVersionDate "2018.10.10"]
[SourceQuality "1"]

1. e4 c5 2. Nc3 Nc6 3. f4 g6 4. Nf3 Bg7 5. Bb5 Nd4 6. 0-0 a6 7. Be2 e6 8. d3 Ne7 9. Be3 Nec6 10. Qd2 0-0 11. e5 d6 12. Ne4 dxe5 13. Nxc5 exf4 14. Bxf4 Qb6 15. Na4 Nxf3+ 16. Kh1 Nxd2 17. Nxb6 Nxf1 18. Nxa8 Bxb2 19. Rxf1 Bd4 20. Nc7 Rd8 21. Bg4 e5 22. Bg5 Bxg4 23. Bxd8 Nxd8 24. Nd5 Kg7 25. h3 Be6 26. Nf6 Bxa2 27. Ne8+ Kh8 28. Nd6 Be6 29. Ne4 b5 30. c3 Bb6 31. Ng5 Kg7 32. Re1 Bc7 33. d4 exd4 34. cxd4 Bb6 35. Nxe6+ fxe6 36. Rd1 Kf7 37. Kh2 Ke7 38. d5 Bc7+ 39. Kg1 Bb6+ 40. Kh2 a5 41. Kg3 e5 42. Kf3 Nb7 43. g4 g5 44. Ke4 Nd6+ 45. Kf3 b4 46. Ke2 e4 47. Rc1 Nb5 48. Rc4 Nc3+ 49. Ke1 Kd7 50. Kf1 e3 51. Ke1 Nxd5 52. Ke2 Kd6 53. Rc8 b3 54. Kd3 Nf4+ 55. Kc3 e2 56. Re8 b2 57. Kc2 Bf2 58. h4 gxh4 59. g5 e1Q 0-1

[Event "CRO-ch U13"]
[Site "Trogir"]
[Date "2018.06.19"]
[Round "7"]
[White "Putar, Leon"]
[Black "Kinkela, Marin"]
[Result "1-0"]
[WhiteElo "1680"]
[BlackElo "1360"]
[PlyCount "67"]
[EventDate "2018.06.16"]
[EventType "swiss"]
[EventRounds "9"]
[EventCountry "CRO"]
[SourceTitle "EXT 2019"]
[Source "ChessBase"]
[SourceDate "2018.10.10"]
[SourceVersion "1"]
[SourceVersionDate "2018.10.10"]
[SourceQuality "1"]

1. e4 c5 2. Nf3 Nc6 3. c3 g6 4. d4 cxd4 5. cxd4 Bg7 6. Be3 Nf6 7. Nc3 d5 8. e5 Ng4 9. Bd3 Nxe3 10. fxe3 Bg4 11. 0-0 0-0 12. Qe1 e6 13. h3 Bxf3 14. gxf3 a6 15. Kh2 Qc7 16. Rg1 Ne7 17. Rc1 Qa5 18. h4 Rac8 19. h5 Qd8 20. Rc2 Rc7 21. Rcg2 Qe8 22. Qh4 b5 23. Ne2 Nf5 24. Bxf5 exf5 25. Nf4 Rc6 26. Nxd5 Bxe5+ 27. dxe5 Qxe5+ 28. Nf4 Qd6 29. Kh1 Kg7 30. hxg6 fxg6 31. Rh2 Rh8 32. Nxg6 Qxg6 33. Rxg6+ Rxg6 34. Qe7+ 1-0

[Event "CRO-ch U13"]
[Site "Trogir"]
[Date "2018.06.18"]
[Round "5"]
[White "Kinkela, Marin"]
[Black "Mijic, Karlo"]
[Result "1/2-1/2"]
[WhiteElo "1360"]
[BlackElo "1458"]
[PlyCount "63"]
[EventDate "2018.06.16"]
[EventType "swiss"]
[EventRounds "9"]
[EventCountry "CRO"]
[SourceTitle "EXT 2019"]
[Source "ChessBase"]
[SourceDate "2018.10.10"]
[SourceVersion "1"]
[SourceVersionDate "2018.10.10"]
[SourceQuality "1"]

1. e4 e5 2. Nf3 Nc6 3. d4 exd4 4. Nxd4 Nxd4 5. Qxd4 Qf6 6. Qxf6 Nxf6 7. Nc3 Bb4 8. Bd2 0-0 9. Bd3 d6 10. 0-0 Bd7 11. a3 Ba5 12. Rad1 Rfe8 13. Rfe1 Bc6 14. b4 Bb6 15. b5 Bd7 16. a4 Ng4 17. Re2 Ne5 18. Be3 Re6 19. Bxb6 axb6 20. f3 Ng6 21. g3 Rf6 22. Kg2 Ne5 23. Re3 Be6 24. Nd5 Bxd5 25. exd5 g6 26. Ra1 Nxd3 27. cxd3 Kf8 28. g4 Rf4 29. Re4 Rxe4 30. dxe4 Ke7 31. Kg3 Kf6 32. f4 1/2-1/2